000 00781nam a2200241 4500
001 111667
003 ES-MaACL
005 20240506132229.0
007 t|
008 061121s1980 sp r ||||1| por d
100 1 _aNeto, Agostinho.
_985419
245 1 3 _aLa lucha continúa /
_cAgostinho Neto; prólogo, traducción, selección y notas de J. A. Goytisolo y X. L. García.
250 _a1ª ed.
260 _aBarcelona :
_bLaia,
_c1980.
300 _a97 p. ;
_c20 cm.
490 1 _aLaia literatura ;
_v17
500 _aTexto en portugués y castellano.
700 1 _aGoytisolo, José Agustín,
_d1928-
_959420
700 1 _aGarcía, Xosé Lois.
_954106
830 0 _aLaia literatura ;
_v17
_9182566
852 _aES-MaACL
_jC-35973
_bR.100660
999 _c111667
_d111667